[Event "Balaton Summer GM"]
[Site "?"]
[Date "2002.06.30"]
[Round "11"]
[White "Varga Zoltan"]
[Black "Gyimesi Zoltan"]
[Result "1/2-1/2"]
[WhiteElo "2495"]
[BlackElo "2605"]
[PlyCount "82"]
[EventDate "2002.??.??"]
[Source "www.chesslib.no"]
[SourceDate "2004.05.04"]

1. e4 e5 2. f4 d5 3. exd5 e4 4. Nc3 Nf6 5. d3 Bb4 6. Bd2 exd3 7. Bxd3 Bg4 8. Nf3 O-O 9. O-O Bxc3 10. Bxc3 Nxd5 11. Bd2 Nc6 12. h3 Bxf3 13. Qxf3 Nf6 14. Kh1 Qd5 15. Qxd5 Nxd5 16. a3 Rad8 17. Rfe1 a6 18. Kg1 Rd6 19. Kf2 Rfd8 20. g3 Nb6 21. Re4 Nd4 22. Bb4 R6d7 23. Rae1 f5 24. Re8+ Rxe8 25. Rxe8+ Kf7 26. Rh8 Nd5 27. Bc4 b5 28. Bxd5+ Rxd5 29. Rf8+ Kg6 30. Ra8 Nxc2 31. Rxa6+ Kf7 32. Rc6 Nxb4 33. Rxc7+ Kf6 34. axb4 Rd2+ 35. Kf3 Rxb2 36. Rc6+ Kf7 37. Rc7+ Kf6 38. Rc6+ Kf7 39. Rc5 Rb3+ 40. Kf2 Rb2+ 41. Kf3 Rb3+ 1/2-1/2

[Event "Barcelona Vulca"]
[Site "Barcelona ESP"]
[Date "1990.??.??"]
[Round "2"]
[White "Westerinen, Heikki M J"]
[Black "Rodriguez, Orestes"]
[Result "1/2-1/2"]
[WhiteElo "2475"]
[BlackElo "2500"]
[PlyCount "94"]
[EventDate "1990.06.??"]
[Source "www.chesslib.no"]
[SourceDate "2004.05.04"]

1. e4 e5 2. f4 d5 3. exd5 exf4 4. Bc4 c6 5. d4 cxd5 6. Bb5+ Nc6 7. Bxf4 Qa5+ 8. Nc3 Bb4 9. Bd2 Nf6 10. a3 Bxc3 11. Bxc6+ bxc6 12. Bxc3 Qc7 13. Qe2+ Ne4 14. Nf3 O-O 15. O-O Bg4 16. Qd3 f6 17. Nd2 Rfe8 18. Rae1 Nxd2 19. Qxd2 Qd7 20. Qf4 Bh5 21. Rxe8+ Rxe8 22. Qf5 Qf7 23. Re1 Bg6 24. Qf2 h5 25. h3 Kh7 26. Rxe8 Qxe8 27. Bb4 Qe4 28. c3 Qb1+ 29. Kh2 Qc2 30. Qxc2 Bxc2 31. g4 h4 32. Bc5 a6 33. Bd6 g5 34. Be7 Kg6 35. Kg2 Bd3 36. a4 Bc2 37. a5 Bd3 38. Kf2 Bc4 39. Kg2 Kf7 40. Bd8 Ke6 41. Kf2 Kf7 42. Kg2 Kg6 43. Be7 Bd3 44. Kf2 Be4 45. Kg1 f5 46. gxf5+ Kxf5 47. Kh2 Bd3 1/2-1/2

[Event "Novi Sad ol (Men)"]
[Site "Novi Sad YUG"]
[Date "1990.??.??"]
[Round "13"]
[White "Westerinen, Heikki M J"]
[Black "Ye Rongguang"]
[Result "1/2-1/2"]
[WhiteElo "2475"]
[BlackElo "2490"]
[PlyCount "127"]
[EventDate "1990.11.??"]
[Source "www.chesslib.no"]
[SourceDate "2004.05.04"]

1. e4 e5 2. f4 d5 3. exd5 c6 4. Nc3 exf4 5. Nf3 Nf6 6. d4 cxd5 7. Bxf4 Be7 8. Nb5 Na6 9. Bd3 O-O 10. c3 Nh5 11. Be3 f5 12. Ne5 Nf6 13. O-O Ne4 14. Qb3 Bf6 15. Rad1 Be6 16. Bf4 Qb6 17. Nf3 g5 18. Be5 Bxe5 19. Nxe5 Nac5 20. Qb4 Nxd3 21. Rxd3 a6 22. Na3 Qxb4 23. cxb4 Rac8 24. Rdd1 f4 25. Rc1 Rxc1 26. Rxc1 g4 27. Rf1 Kg7 28. Nc2 Kh6 29. Ne1 Kg5 30. N1d3 Nd6 31. Nc5 Bf5 32. Ned3 Bxd3 33. Nxd3 b6 34. Ne5 Nc4 35. Nxc4 dxc4 36. Re1 Rf5 37. Re6 Rb5 38. a3 a5 39. Rc6 axb4 40. Rxc4 bxa3 41. bxa3 Kf5 42. a4 Rb1+ 43. Kf2 Rb2+ 44. Kf1 Rb1+ 45. Kf2 Rh1 46. Rc6 Rxh2 47. Kg1 Rh5 48. Rxb6 Ke4 49. Rb7 h6 50. Rb6 Ra5 51. Rxh6 Rxa4 52. Re6+ Kxd4 53. Kf2 Ra2+ 54. Kf1 Kd3 55. Re8 Ra1+ 56. Kf2 g3+ 57. Kf3 Rf1+ 58. Kg4 Rf2 59. Re7 Re2 60. Rf7 Rxg2 61. Rxf4 Ke2 62. Rf3 Rg1 63. Rxg3 Rxg3+ 64. Kxg3 1/2-1/2

[Event "Biel Open"]
[Site "Biel SUI"]
[Date "1989.??.??"]
[Round "6"]
[White "Djurhuus, Rune"]
[Black "Balashov, Yuri S"]
[Result "0-1"]
[WhiteElo "2415"]
[BlackElo "2530"]
[PlyCount "52"]
[EventDate "1989.07.??"]
[Source "www.chesslib.no"]
[SourceDate "2004.05.04"]

1. e4 e5 2. f4 d5 3. exd5 exf4 4. Be2 Nf6 5. Nf3 Bd6 6. c4 c6 7. d4 cxd5 8. c5 Bc7 9. O-O Nc6 10. a3 O-O 11. b4 a6 12. Nc3 Re8 13. Bd3 Bg4 14. Ne2 Ne4 15. h3 Bxf3 16. Rxf3 Ng5 17. Rxf4 Bxf4 18. Bxf4 Qf6 19. Qd2 Nxd4 20. Rf1 Ne4 21. Qe3 Nxe2+ 22. Qxe2 Nxc5 23. Bxh7+ Kxh7 24. Qh5+ Kg8 25. bxc5 Re4 26. Bd6 Qe6 0-1

[Event "Tel Aviv"]
[Site "Tel Aviv"]
[Date "1988.??.??"]
[Round "?"]
[White "Gallagher, Joseph G"]
[Black "Shvidler, Eliahu"]
[Result "1/2-1/2"]
[WhiteElo "2480"]
[BlackElo "2440"]
[PlyCount "20"]
[EventDate "1988.03.??"]
[Source "ChessBase"]

1. e4 e5 2. f4 d5 3. exd5 c6 4. Nc3 exf4 5. Nf3 Nf6 6. d4 Bd6 7. Bc4 cxd5 8. Bxd5 O-O 9. O-O Nc6 10. Bb3 Bg4 1/2-1/2

[Event "SUI Grand Prix"]
[Site "SUI"]
[Date "1990.??.??"]
[Round "6"]
[White "Gallagher, Joseph G"]
[Black "Nemet, Ivan"]
[Result "0-1"]
[WhiteElo "2470"]
[BlackElo "2415"]
[PlyCount "112"]
[EventDate "1990.??.??"]
[Source "ChessBase"]

1. e4 e5 2. f4 d5 3. exd5 c6 4. Nc3 exf4 5. Nf3 Nf6 6. d4 Bd6 7. Qe2+ Kf8 8. Ne5 cxd5 9. Bxf4 Nc6 10. Qf2 Ng4 11. Nxg4 Bxg4 12. Bd3 Bxf4 13. Qxf4 h5 14. O-O Qd7 15. Bg6 Be6 16. Rae1 Re8 17. Qg5 Re7 18. Rf4 Kg8 19. Bd3 Rh6 20. Ref1 Re8 21. a3 Qd8 22. Qxd8 Rxd8 23. Re1 g5 24. Rf2 Nxd4 25. h4 gxh4 26. Rf4 Nc6 27. Be2 h3 28. gxh3 Bxh3 29. Kh2 Bg4 30. Bxg4 hxg4+ 31. Kg3 d4 32. Rxg4+ Kf8 33. Ne4 d3 34. cxd3 Rxd3+ 35. Kg2 Ne5 36. Rg3 Rd4 37. Nf2 Re6 38. Re2 Ke7 39. Rb3 b6 40. Rc3 Nc4 41. Rxe6+ fxe6 42. Rh3 Kd6 43. b4 Kc6 44. a4 Nb2 45. Rh7 Rxb4 46. Rxa7 Rxa4 47. Re7 Kd6 48. Rb7 Nc4 49. Kf3 Ra3+ 50. Ke2 e5 51. Rf7 b5 52. Kd1 Ke6 53. Rf8 Nd6 54. Kc1 e4 55. Rb8 e3 56. Ng4 Ra1+ 0-1

[Event "Corr"]
[Site "?"]
[Date "1989.08.01"]
[Round "?"]
[White "Dunne Alex (USA)"]
[Black "Chouinard Sylvain (CAN)"]
[Result "1/2-1/2"]
[WhiteElo "2435"]
[BlackElo "2445"]
[PlyCount "31"]
[EventDate "1989.??.??"]
[Source "www.chesslib.no"]
[SourceDate "2004.05.04"]

1. e4 e5 2. f4 d5 3. exd5 e4 4. d3 Qxd5 5. Nd2 exd3 6. Bxd3 Nf6 7. Ngf3 Nc6 8. Qe2+ Be7 9. Ne4 O-O 10. Bd2 Bf5 11. Nc3 Qc5 12. O-O-O Bxd3 13. Qxd3 Rad8 14. Qb5 a6 15. Qxc5 Bxc5 16. Rhe1 1/2-1/2

[Event "Comunic 7 CXSP"]
[Site "Sao Paulo"]
[Date "2004.06.27"]
[Round "7"]
[White "Rodriguez, Andres"]
[Black "Sega, Carlos Alberto"]
[Result "1-0"]
[WhiteElo "2556"]
[BlackElo "2323"]
[PlyCount "55"]
[EventDate "2004.06.17"]
[Source "Roberto Alvarez"]
[SourceDate "2004.07.12"]

1. e4 e5 2. f4 d5 3. exd5 c6 4. Nc3 exf4 5. d4 Bd6 6. Bc4 Ne7 7. dxc6 Nbxc6 8. d5 Nb4 9. a3 Na6 10. Qf3 O-O 11. Bxf4 Bxf4 12. Qxf4 Ng6 13. Qg3 Re8+ 14. Nge2 Ne5 15. Ba2 Bg4 16. O-O-O b5 17. Rd4 Qd7 18. Rf1 Nc5 19. d6 Bxe2 20. Nxe2 Nc4 21. Bxc4 bxc4 22. Rxc4 Ne4 23. Qd3 Nxd6 24. Rd4 Qe7 25. Ng3 Nb7 26. Rg4 Rad8 27. Nf5 Qe2 28. Nh6+ 1-0

[Event "POL Ch 35th"]
[Site "Krakow POL"]
[Date "1978.??.??"]
[Round "4"]
[White "Skrobek, Ryszard"]
[Black "Sydor, Andrzej"]
[Result "1/2-1/2"]
[WhiteElo "2460"]
[BlackElo "2395"]
[PlyCount "75"]
[EventDate "1978.??.??"]
[Source "www.chesslib.no"]
[SourceDate "2004.05.04"]

1. e4 e5 2. f4 d5 3. exd5 c6 4. Nc3 exf4 5. Nf3 Nf6 6. d4 Bd6 7. Qe2+ Qe7 8. Qxe7+ Kxe7 9. Ne5 Nxd5 10. Nxd5+ cxd5 11. Bxf4 Nc6 12. O-O-O f6 13. Nxc6+ bxc6 14. Re1+ Be6 15. Bxd6+ Kxd6 16. Bd3 Rae8 17. Re3 Bd7 18. Rhe1 g6 19. Kd2 Rxe3 20. Rxe3 Re8 21. h4 f5 22. Rxe8 Bxe8 23. Ke3 Ke6 24. b3 h6 25. c4 dxc4 26. bxc4 g5 27. hxg5 hxg5 28. g3 Bd7 29. Bc2 c5 30. d5+ Ke5 31. Bd1 Be8 32. Bf3 a5 33. g4 Bd7 34. gxf5 Bxf5 35. Bd1 Bh3 36. Ba4 Bc8 37. Bb5 Bf5 38. a4 1/2-1/2

[Event "Prague Metro"]
[Site "Prague CZE"]
[Date "1990.??.??"]
[Round "1"]
[White "Hausner, Ivan"]
[Black "Spacek, Petr"]
[Result "1/2-1/2"]
[WhiteElo "2440"]
[BlackElo "2410"]
[PlyCount "20"]
[EventDate "1990.??.??"]
[Source "www.chesslib.no"]
[SourceDate "2004.05.04"]

1. e4 e5 2. f4 d5 3. exd5 c6 4. Qe2 cxd5 5. Qxe5+ Be7 6. Bb5+ Nc6 7. Nf3 Nf6 8. Bxc6+ bxc6 9. O-O O-O 10. d4 Bd6 1/2-1/2

[Event "EUCup Gr3"]
[Site "Lubniewice"]
[Date "1994.??.??"]
[Round "2"]
[White "Penttinen, Jarkko"]
[Black "Sakovich, Igor"]
[Result "1-0"]
[WhiteElo "2560"]
[BlackElo "2290"]
[PlyCount "63"]
[EventDate "1994.??.??"]
[Source "ChessBase"]

1. e4 e5 2. f4 d5 3. exd5 c6 4. Qe2 cxd5 5. fxe5 Nc6 6. Nf3 Bc5 7. c3 d4 8. d3 Nge7 9. Nbd2 O-O 10. Nb3 Bb6 11. Bg5 Re8 12. O-O-O a5 13. c4 Bf5 14. g4 Bxg4 15. Rg1 Qd7 16. Qg2 Bxf3 17. Qxf3 Nxe5 18. Qg2 N7g6 19. h4 f5 20. Be2 a4 21. Nd2 Bd8 22. h5 Nf8 23. Bf4 Bf6 24. Bxe5 Bxe5 25. Bf3 Rab8 26. Rdf1 Kh8 27. Bd5 Bf6 28. Qf3 Re5 29. Ne4 Qe7 30. Ng3 a3 31. Nxf5 axb2+ 32. Kb1 1-0

[Event "Pau Open"]
[Site "Pau"]
[Date "1988.??.??"]
[Round "5"]
[White "Boudre, Jean-Pierre"]
[Black "Flear, Glenn C"]
[Result "1-0"]
[WhiteElo "2355"]
[BlackElo "2460"]
[PlyCount "87"]
[EventDate "1988.??.??"]
[Source "www.chesslib.no"]
[SourceDate "2004.05.04"]

1. e4 e5 2. f4 d5 3. exd5 c6 4. Nc3 cxd5 5. fxe5 d4 6. Ne4 Qd5 7. d3 Nc6 8. Nf3 Nxe5 9. Be2 f5 10. Ned2 Ng4 11. Nc4 b5 12. h3 bxc4 13. hxg4 fxg4 14. dxc4 Qd6 15. O-O Bb7 16. Qe1 Be7 17. Ng5 Nf6 18. Bd3 O-O 19. Bf4 Qc6 20. Qe6+ Qxe6 21. Nxe6 Rf7 22. Ng5 Rff8 23. Ne6 Rf7 24. Be5 Bc8 25. Nxd4 Bc5 26. c3 a5 27. g3 Bb7 28. Rae1 Re8 29. Bxf6 Rxe1 30. Rxe1 Rxf6 31. Be4 Bxe4 32. Rxe4 h5 33. Re5 Bd6 34. Rxh5 Bxg3 35. Rg5 Bf2+ 36. Kg2 Be3 37. Rb5 Bf4 38. Rf5 Bc1 39. Rxf6 gxf6 40. b4 a4 41. Kg3 Bd2 42. b5 Bxc3 43. Nc6 f5 44. b6 1-0

[Event "It Open"]
[Site "It (open)"]
[Date "1995.??.??"]
[Round "?"]
[White "Briggs, Philip J"]
[Black "Tunik, Gennady"]
[Result "0-1"]
[WhiteElo "2280"]
[BlackElo "2530"]
[PlyCount "34"]
[EventDate "1995.??.??"]
[Source "www.chesslib.no"]
[SourceDate "2004.05.04"]

1. e4 e5 2. f4 d5 3. exd5 c6 4. d4 exd4 5. Qxd4 Nf6 6. Nc3 cxd5 7. Nf3 Nc6 8. Bb5 Be7 9. Ne5 O-O 10. Bxc6 bxc6 11. Nxc6 Qc7 12. Nxe7+ Qxe7+ 13. Be3 Re8 14. Kd2 Rb8 15. Rab1 Rb4 16. Qc5 d4 17. Bxd4 Rxd4+ 0-1

[Event "Troll Masters"]
[Site "Gausdal"]
[Date "1990.??.??"]
[Round "4"]
[White "Westerinen, Heikki MJ"]
[Black "Elseth, Roar"]
[Result "1-0"]
[WhiteElo "2475"]
[BlackElo "2335"]
[PlyCount "59"]
[EventDate "1990.01.??"]
[Source "ChessBase"]

1. e4 e5 2. f4 d5 3. exd5 exf4 4. Bc4 Nf6 5. Nc3 Bg4 6. Nf3 Bd6 7. Qe2+ Kf8 8. d4 c6 9. O-O Nbd7 10. dxc6 bxc6 11. Ne4 Nxe4 12. Qxe4 Qc7 13. Ne5 Nxe5 14. dxe5 Bxe5 15. Bxf4 Bxf4 16. Qxf4 Qxf4 17. Rxf4 Bh5 18. Bxf7 g5 19. Rf2 Bxf7 20. Raf1 Ke7 21. Rxf7+ Ke6 22. R1f6+ Kd5 23. Rd7+ Ke5 24. Rxc6 Rhd8 25. Rxh7 Rd2 26. Rg7 Re8 27. Rxg5+ Kf4 28. h4 a5 29. Rf6+ Ke3 30. Rf3+ 1-0

[Event "Slovaquie (championnat equipes)"]
[Site "?"]
[Date "2004.01.18"]
[Round "41.1"]
[White "Simacek Pavel"]
[Black "Talla Vladimir"]
[Result "1-0"]
[WhiteElo "2442"]
[BlackElo "2367"]
[PlyCount "101"]
[EventDate "2004.??.??"]
[Source "www.chesslib.no"]
[SourceDate "2004.05.04"]

1. e4 e5 2. f4 d5 3. exd5 c6 4. Nc3 cxd5 5. fxe5 d4 6. Ne4 Qd5 7. Qe2 Nc6 8. Nf3 Bg4 9. Nf2 Bxf3 10. Qxf3 Qxf3 11. gxf3 Nxe5 12. Bb5+ Nc6 13. b3 Nge7 14. Ne4 Nf5 15. Ng3 Nd6 16. Bxc6+ bxc6 17. Ke2 O-O-O 18. Kd3 Nb7 19. Bb2 Nc5+ 20. Kc4 d3 21. Bd4 Ne6 22. c3 Nxd4 23. cxd4 Be7 24. Rae1 Bf6 25. Re4 Rd5 26. Kxd3 Rhd8 27. Ne2 Kb7 28. Rc1 Rh5 29. Re1 Rhd5 30. Rc1 Rh5 31. Re1 c5 32. Kc4 cxd4 33. Kd3 Ra5 34. a4 Rf5 35. Rf4 Rc5 36. b4 Rc7 37. Rc1 Rcd7 38. Rc4 Be5 39. Re4 h6 40. Ng3 Rd5 41. Rh4 f6 42. Ne4 Kb8 43. Rc5 R5d7 44. Rb5+ Ka8 45. Nc5 Rd5 46. f4 Bb8 47. Ra5 R5d6 48. Ke4 R6d7 49. Ne6 Re8 50. Kf5 g5 51. fxg5 1-0

[Event "LADAC"]
[Site "?"]
[Date "1999.11.01"]
[Round "?"]
[White "Fraser Fred J.L.(ENG)"]
[Black "Gimenez Dante Manuel (ARG)"]
[Result "1/2-1/2"]
[WhiteElo "2420"]
[BlackElo "2385"]
[PlyCount "180"]
[EventDate "1999.??.??"]
[Source "www.chesslib.no"]
[SourceDate "2004.05.04"]

1. e4 e5 2. f4 d5 3. exd5 Qxd5 4. Nc3 Qa5 5. Qe2 Nc6 6. Nf3 Bg4 7. fxe5 O-O-O 8. Qb5 Qxb5 9. Bxb5 Bxf3 10. gxf3 Nxe5 11. Be2 Nf6 12. Rb1 Nc6 13. Rg1 Nd4 14. Kd1 g6 15. Bc4 Bd6 16. h4 Nd7 17. Bxf7 Ne5 18. Bd5 Nexf3 19. Rh1 Be7 20. h5 g5 21. d3 g4 22. Be3 Rhf8 23. Rf1 Rde8 24. Bxf3 Nxf3 25. Ne4 Bh4 26. a4 Rf5 27. h6 a5 28. Ke2 Ref8 29. Nd2 Bg5 30. Bxg5 Re8+ 31. Ne4 Rxg5 32. Kf2 Rg6 33. Kg3 Rxh6 34. Rh1 Rc6 35. c3 Re7 36. Rbd1 Rg6 37. Rh5 b6 38. Rf5 Kb7 39. Rf1 Rgg7 40. Rd1 Re6 41. b3 Ne5 42. Kf4 Nf7 43. Rg1 Reg6 44. d4 Nd6 45. Nxd6+ cxd6 46. Rg3 Kc6 47. c4 Kd7 48. Rh5 Rf6+ 49. Ke3 Re7+ 50. Kd3 Rg6 51. d5 Reg7 52. Rh4 Ke7 53. Ke3 Kf8 54. Kf2 h6 55. Ke3 Kg8 56. Ke2 Kh7 57. Kf2 Rg5 58. Re3 Rf5+ 59. Kg2 h5 60. Rh1 Kh6 61. Re8 Rgf7 62. Rh8+ Kg6 63. Rg8+ Kh7 64. Rd8 R7f6 65. Re8 Rf2+ 66. Kg3 R2f3+ 67. Kg2 R6f5 68. Re6 Rxb3 69. Rxd6 Kg7 70. Re6 Rb4 71. Rc6 Rxa4 72. d6 Ra2+ 73. Kg3 Ra3+ 74. Kg2 Re5 75. Rd1 Re2+ 76. Kg1 Rg3+ 77. Kh1 Rh3+ 78. Kg1 Rhh2 79. Rxb6 Reg2+ 80. Kf1 h4 81. Rb7+ Kf6 82. d7 Rh1+ 83. Kxg2 Rxd1 84. c5 h3+ 85. Kg3 Rd3+ 86. Kxg4 h2 87. Rb6+ Ke7 88. Rh6 Kxd7 89. Rxh2 Kc6 90. Ra2 Kb5 1/2-1/2

[Event "Leiden Open"]
[Site "Leiden NED"]
[Date "1995.02.25"]
[Round "3"]
[White "Jonkman, Harmen"]
[Black "Mainka, Romuald"]
[Result "1-0"]
[WhiteElo "2290"]
[BlackElo "2515"]
[PlyCount "107"]
[EventDate "1995.02.??"]
[Source "www.chesslib.no"]
[SourceDate "2004.05.04"]

1. e4 e5 2. f4 d5 3. exd5 c6 4. Nc3 exf4 5. Nf3 Nf6 6. dxc6 Nxc6 7. Bb5 Bd6 8. O-O O-O 9. d4 Bg4 10. Ne2 Qc7 11. c3 Rfe8 12. Bd2 Rad8 13. Qc2 a6 14. Bd3 h6 15. Rae1 Nd5 16. Kh1 Na5 17. c4 Nb4 18. Bxb4 Bxb4 19. Rd1 Bf8 20. Ne5 Bxe2 21. Bxe2 Rxd4 22. Rxd4 Qxe5 23. Rd5 Qxe2 24. Qxe2 Rxe2 25. Rxa5 Rxb2 26. h4 Rc2 27. Rf5 Rxc4 28. R5xf4 Rc7 29. Rd1 Bc5 30. h5 b6 31. Re4 Kh7 32. Re8 g6 33. hxg6+ fxg6 34. Red8 h5 35. Kh2 Kh6 36. Kg3 Re7 37. R1d7 Re3+ 38. Kf4 Re7 39. Rxe7 Bxe7 40. Rh8+ Kg7 41. Ra8 a5 42. Ke5 Bc5 43. a4 Bb4 44. Rc8 Be1 45. Rc7+ Kh6 46. Kf6 h4 47. Rc6 Bf2 48. Kf7 Kg5 49. Rxg6+ Kf4 50. Ke6 Ke4 51. Kd6 Bg3+ 52. Kc6 Ke3 53. Rf6 Ke2 54. Kxb6 1-0

[Event "Kecskemet"]
[Site "Kecskemet"]
[Date "1990.??.??"]
[Round "6"]
[White "Gallagher, Joseph G"]
[Black "Barczay, Laszlo"]
[Result "1-0"]
[WhiteElo "2470"]
[BlackElo "2335"]
[PlyCount "27"]
[EventDate "1990.06.??"]
[Source "ChessBase"]

1. e4 e5 2. f4 d5 3. exd5 c6 4. Nc3 exf4 5. Nf3 cxd5 6. d4 Bd6 7. Nxd5 Qa5+ 8. Nc3 Nf6 9. Bb5+ Bd7 10. Qe2+ Kd8 11. O-O Re8 12. Ne5 Bxe5 13. dxe5 Nc6 14. Bxf4 1-0

[Event "CCOL12 prel corr"]
[Site "Corr"]
[Date "1992.??.??"]
[Round "?"]
[White "Issler, Christian"]
[Black "Liverios, Thisefs"]
[Result "1-0"]
[WhiteElo "2515"]
[BlackElo "2285"]
[PlyCount "71"]
[EventDate "1992.??.??"]
[Source "www.chesslib.no"]
[SourceDate "2004.05.04"]

1. e4 e5 2. f4 d5 3. exd5 c6 4. Qe2 cxd5 5. fxe5 Nc6 6. Nf3 Bg4 7. Qf2 Bxf3 8. Qxf3 Nxe5 9. Bb5+ Nc6 10. O-O Nf6 11. d4 Be7 12. c3 O-O 13. Bd3 Qb6 14. Kh1 Bd6 15. Nd2 Rae8 16. g4 h6 17. Qh3 Ne4 18. Bxe4 dxe4 19. Nc4 Qd8 20. Rf5 Kh7 21. Rd5 Re6 22. Bf4 Bxf4 23. Rxd8 Rxd8 24. Re1 b5 25. Ne3 Ne7 26. Qf1 g5 27. Ng2 Nd5 28. Qxb5 Bd2 29. Re2 e3 30. h3 Kg7 31. c4 Nf4 32. Nxf4 gxf4 33. Kg2 f3+ 34. Kxf3 Rxd4 35. Kg3 Rf6 36. Qe5 1-0

[Event "Montpellier"]
[Site "Montpellier FRA"]
[Date "1987.??.??"]
[Round "?"]
[White "Bricard, Emmanuel"]
[Black "Klaric, Zlatko"]
[Result "0-1"]
[WhiteElo "2365"]
[BlackElo "2430"]
[PlyCount "34"]
[EventDate "1987.??.??"]
[Source "www.chesslib.no"]
[SourceDate "2004.05.04"]

1. e4 e5 2. f4 d5 3. exd5 c6 4. Qe2 cxd5 5. fxe5 Nc6 6. Na3 Bxa3 7. bxa3 Nh6 8. Bb2 d4 9. Nf3 O-O 10. Qc4 Be6 11. Qc5 Bd5 12. O-O-O Nf5 13. Bc4 Be4 14. Bb3 Rc8 15. d3 Na5 16. Qxa7 Bxf3 17. gxf3 Qc7 0-1

[Event "Helsinki"]
[Site "Helsinki"]
[Date "1986.??.??"]
[Round "5"]
[White "Westerinen, Heikki MJ"]
[Black "Valkesalmi, Kimmo"]
[Result "1-0"]
[WhiteElo "2390"]
[BlackElo "2405"]
[PlyCount "59"]
[EventDate "1986.05.??"]
[Source "ChessBase"]

1. e4 e5 2. f4 d5 3. exd5 c6 4. Nc3 exf4 5. d4 Bd6 6. Nf3 Ne7 7. dxc6 Nbxc6 8. Ne4 Bc7 9. Bc4 O-O 10. O-O Nd5 11. c3 Re8 12. Nfg5 Bf5 13. Nxf7 Qh4 14. Neg5 Nce7 15. Qf3 h6 16. Nxh6+ gxh6 17. Bxd5+ Kh8 18. Nf7+ Kg7 19. Ne5 Rad8 20. Bc4 Bxe5 21. dxe5 Ng6 22. Bxf4 Rf8 23. Qg3 Qe7 24. Qe3 Qh4 25. e6 Kh7 26. Rae1 Ne7 27. Qg3 Qh5 28. Qf3 Bg4 29. Bd3+ Kg8 30. Qg3 1-0

[Event "New York, NY USA"]
[Site "New York, NY USA"]
[Date "1978.??.??"]
[Round "?"]
[White "Rohde, Michael A"]
[Black "Brasket, Curt J"]
[Result "0-1"]
[WhiteElo "2425"]
[BlackElo "2370"]
[PlyCount "36"]
[EventDate "1978.??.??"]
[Source "www.chesslib.no"]
[SourceDate "2004.05.04"]

1. e4 e5 2. f4 d5 3. exd5 e4 4. Nc3 Nf6 5. d3 Bb4 6. Bd2 e3 7. Bxe3 O-O 8. Qf3 Re8 9. Be2 Bg4 10. Qg3 Bxe2 11. Ngxe2 Qe7 12. Kf2 Qxe3+ 13. Qxe3 Ng4+ 14. Kf3 Nxe3 15. Ne4 Nxd5 16. c4 Nf6 17. Nxf6+ gxf6 18. d4 Nd7 0-1

[Event "Moscow1"]
[Site "Moscow RUS"]
[Date "1989.??.??"]
[Round "?"]
[White "Westerinen, Heikki M J"]
[Black "Zaitsev, Igor A"]
[Result "1-0"]
[WhiteElo "2400"]
[BlackElo "2390"]
[PlyCount "53"]
[EventDate "1989.05.??"]
[Source "www.chesslib.no"]
[SourceDate "2004.05.04"]

1. e4 e5 2. f4 d5 3. exd5 exf4 4. Bc4 Nf6 5. Nc3 a6 6. d4 b5 7. Bb3 Bd6 8. Qe2+ Kf8 9. Nf3 Bg4 10. Ne4 Nxe4 11. Qxe4 Bxf3 12. Qxf3 Qf6 13. c3 Nd7 14. O-O g5 15. g3 Rg8 16. gxf4 gxf4+ 17. Kh1 Qg6 18. Bd2 Nf6 19. Rg1 Ng4 20. Raf1 Re8 21. Bxf4 Bxf4 22. Qxf4 Re4 23. Qxf7+ Qxf7 24. Rxf7+ Kxf7 25. d6+ Re6 26. Rf1+ Nf6 27. Re1 1-0

[Event "Djakovo Open"]
[Site "Djakovo"]
[Date "1994.??.??"]
[Round "2"]
[White "Dabo-Peranic, Robert"]
[Black "Yandemirov, Valeri"]
[Result "1/2-1/2"]
[WhiteElo "2270"]
[BlackElo "2510"]
[PlyCount "100"]
[EventDate "1994.11.??"]
[Source "www.chesslib.no"]
[SourceDate "2004.05.04"]

1. e4 e5 2. f4 d5 3. exd5 c6 4. Nc3 exf4 5. Nf3 Nf6 6. Bc4 Nxd5 7. O-O Be6 8. Qe2 Be7 9. d4 g5 10. Ne4 Nd7 11. Bb3 h6 12. c4 N5f6 13. Nc3 O-O 14. g3 fxg3 15. h4 Nh7 16. Bc2 Re8 17. Bxh7+ Kxh7 18. hxg5 hxg5 19. Ne4 Nf8 20. Bxg5 Kg7 21. Bxe7 Qxe7 22. Nxg3 Bg4 23. Qg2 Qe3+ 24. Rf2 Ng6 25. Ne5 Rxe5 26. dxe5 Re8 27. Nf1 Qd4 28. Re1 Nxe5 29. Re4 Nf3+ 30. Qxf3 Rxe4 31. Qxf7+ Kh6 32. Qf8+ Kg6 33. Qf7+ Kh6 34. Ng3 Re6 35. Nf5+ Bxf5 36. Qxf5 Re1+ 37. Kg2 Qe4+ 38. Qxe4 Rxe4 39. b3 Kg5 40. Rf7 Re2+ 41. Kf3 Rxa2 42. Rxb7 Kf5 43. Ke3 Ke5 44. Kd3 a5 45. Rd7 Ke6 46. Rd8 Ke7 47. Rd4 a4 48. bxa4 Rxa4 49. Kc3 c5 50. Rd5 Ra3+ 1/2-1/2

[Event "BCF-ch"]
[Site "Hove"]
[Date "1997.??.??"]
[Round "8"]
[White "McDonald, Neil R"]
[Black "Roktim, Bandyopadhyay"]
[Result "0-1"]
[WhiteElo "2490"]
[BlackElo "2275"]
[PlyCount "62"]
[EventDate "1997.08.04"]
[Source "www.chesslib.no"]
[SourceDate "2004.05.04"]

1. e4 e5 2. f4 d5 3. exd5 exf4 4. Bc4 Qh4+ 5. Kf1 f3 6. d4 fxg2+ 7. Kxg2 Nf6 8. Qe2+ Be7 9. Nc3 O-O 10. h3 Bd6 11. Qf2 Qxf2+ 12. Kxf2 Bf5 13. Bb3 Nbd7 14. Nge2 a6 15. Bf4 Rae8 16. Bxd6 cxd6 17. Ng3 Bg6 18. a4 h5 19. a5 h4 20. Nge2 Ne4+ 21. Nxe4 Rxe4 22. c3 Rfe8 23. Rhe1 Bf5 24. Ng1 Nf6 25. Rxe4 Nxe4+ 26. Kg2 Nd2 27. Ba2 Re3 28. c4 Rg3+ 29. Kf2 Bd3 30. Ne2 Ne4+ 31. Kf1 Rf3+ 0-1

[Event "Luzern ol (Men)"]
[Site "Lucerne SUI"]
[Date "1982.??.??"]
[Round "3"]
[White "Arnason, Jon L"]
[Black "Condie, Mark L"]
[Result "1-0"]
[WhiteElo "2455"]
[BlackElo "2310"]
[PlyCount "121"]
[EventDate "1982.10.??"]
[Source "www.chesslib.no"]
[SourceDate "2004.05.04"]

1. e4 e5 2. f4 d5 3. exd5 Bc5 4. Qe2 Bxg1 5. Rxg1 Ne7 6. Nc3 exf4 7. d4 O-O 8. Bxf4 Nxd5 9. Nxd5 Qxd5 10. Qe5 Qxe5+ 11. Bxe5 Nc6 12. Bxc7 Re8+ 13. Kf2 Nxd4 14. Rd1 Nc6 15. Rd2 Be6 16. Be2 Rac8 17. Bd6 Bf5 18. c3 Ne5 19. Rd4 Nc6 20. Rf4 Rcd8 21. Rd1 Bc2 22. Rd2 Re6 23. Bc4 Rdxd6 24. Rxc2 Re7 25. Re2 Rxe2+ 26. Kxe2 Nd8 27. Bd3 Kf8 28. Rc4 Ke7 29. Be4 g6 30. Ra4 a6 31. Rb4 b6 32. Rc4 Kd7 33. Bc2 Ne6 34. b4 Nc7 35. Rf4 Ke7 36. Bd3 Nd5 37. Re4+ Kd7 38. Kd2 b5 39. Rd4 f5 40. Be2 g5 41. Bf3 Nb6 42. Kd3 Nc4 43. Rxd6+ Kxd6 44. Kd4 f4 45. Bb7 a5 46. Ba6 axb4 47. cxb4 Na3 48. Ke4 Ke6 49. Bc8+ Kd6 50. Kf5 Nc2 51. Kxg5 Nxb4 52. Bf5 Nxa2 53. Bxh7 Nc3 54. h4 Nd5 55. h5 Ke7 56. h6 Kf8 57. Bc2 Ne3 58. Bb3 Nxg2 59. Kg6 Nh4+ 60. Kf6 f3 61. h7 1-0

[Event "Open"]
[Site "Val Thorens op"]
[Date "1995.??.??"]
[Round "?"]
[White "Bauer, Christian"]
[Black "Lokasto, Anatol"]
[Result "1/2-1/2"]
[WhiteElo "2430"]
[BlackElo "2335"]
[PlyCount "25"]
[EventDate "1995.??.??"]
[Source "www.chesslib.no"]
[SourceDate "2004.05.04"]

1. e4 e5 2. f4 d5 3. exd5 exf4 4. Nc3 Be7 5. Nh3 h6 6. Qf3 g5 7. d6 f6 8. Qh5+ Kf8 9. g3 Kg7 10. d7 c5 11. Ne4 Nc6 12. Kd1 Qb6 13. d8=R 1/2-1/2

[Event "WchT U26"]
[Site "Chicago, IL USA"]
[Date "1983.??.??"]
[Round "?"]
[White "Hebden, Mark L"]
[Black "Tempone, Marcelo J"]
[Result "1/2-1/2"]
[WhiteElo "2435"]
[BlackElo "2330"]
[PlyCount "90"]
[EventDate "1983.??.??"]
[Source "www.chesslib.no"]
[SourceDate "2004.05.04"]

1. e4 e5 2. f4 d5 3. exd5 c6 4. Nc3 cxd5 5. fxe5 d4 6. Ne4 Qd5 7. d3 Nc6 8. Nf3 Bf5 9. Ng3 Bg4 10. Be2 Bb4+ 11. Kf2 Nge7 12. a3 Ba5 13. Rf1 O-O 14. Kg1 Bc7 15. Kh1 Be6 16. Nh5 Nxe5 17. Nf4 Qd6 18. Qe1 N7g6 19. Nxe5 Qxe5 20. Bd2 Rfe8 21. Bh5 Nxf4 22. Qxe5 Bxe5 23. Bxf4 Bxf4 24. Rxf4 Rac8 25. Rc1 g6 26. Bf3 Bb3 27. Kg1 Rxc2 28. Rxc2 Bxc2 29. Rxd4 Bd1 30. Rd7 Bxf3 31. gxf3 Rb8 32. Kf2 a6 33. d4 Kf8 34. d5 Ke8 35. Rc7 Rd8 36. Rxb7 Rxd5 37. b4 Rd2+ 38. Kg3 Ra2 39. Ra7 Rxa3 40. b5 a5 41. b6 Rb3 42. b7 Kd8 43. b8=Q+ Rxb8 44. Rxf7 Rb6 45. Ra7 h6 1/2-1/2